000
00282nam a22001337a 4500
999
_c
55046
_d
55046
008
200205b ||||| |||| 00| 0 eng d
041
_a
eng
080
_2
340
_a
340
082
_a
340
100
_a
13
101
_a
JUR
245
_a
Situation Ethics
_c
Fletcher,J
942
_2
udc
_c
BK